Biotechnology

Gespeichert in:
Bibliographische Detailangaben
1. Verfasser: D. R. KELLY
Format: Buch
Sprache:Undetermined
Veröffentlicht: Weinheim, FRG Wiley-VCH 2000
Schlagworte:
Tags: Tag hinzufügen
Keine Tags, Fügen Sie den ersten Tag hinzu!
Thư viện lưu trữ: Trung tâm Học liệu Trường Đại học Cần Thơ
LEADER 00438nam a2200169Ia 4500
001 CTU_50499
008 210402s9999 xx 000 0 und d
082 |a 660.6 
082 |b B616/Vol.8b 
100 |a D. R. KELLY 
245 0 |a Biotechnology 
245 0 |c D. R. KELLY, J. PETERS 
260 |a Weinheim, FRG 
260 |b Wiley-VCH 
260 |c 2000 
650 |a biotechnology 
980 |a Trung tâm Học liệu Trường Đại học Cần Thơ